|
|
|
|
| LEADER |
00000nam0a2200000 4500 |
| 001 |
184774 |
| 005 |
20231101223854.0 |
| 010 |
|
|
|a 9785383004975
|
| 035 |
|
|
|a (RuTPU)RU\TPU\book\200396
|
| 090 |
|
|
|a 184774
|
| 100 |
|
|
|a 20100920d2010 m y0rusy50 ca
|
| 101 |
0 |
|
|a rus
|
| 102 |
|
|
|a RU
|
| 105 |
|
|
|a a j 001zy
|
| 200 |
1 |
|
|a Устройства формирования СВЧ-сигналов и их компоненты
|e учебное пособие
|f Л. А. Белов
|
| 210 |
|
|
|a Москва
|c Изд-во МЭИ
|d 2010
|
| 215 |
|
|
|a 320 с.
|c ил.
|
| 320 |
|
|
|a Библиогр.: с. 315-317.
|
| 320 |
|
|
|a Предметный указатель: с. 318-319.
|
| 330 |
|
|
|a Представлены схемы формирования радиосигналов дециметрового, сантиметрового, миллиметрового и оптического диапазонов; способы стабилизации частоты и модуляции параметров; характеристики серийных компонентов СВЧ-устройств. Анализируются параметры тактовых генераторов, источников стабильных по частоте колебаний на основе кварцевых и диэлектрических резонаторов, генераторов с использованием поверхностных акустических волн и оптоэлектронных линий задержки, стандартов частоты и времени, твердотельных и вакуумных усилителей СВЧ различной мощности, умножителей и делителей частоты, смесителей, быстродействующих фазовых модуляторов, синтезаторов частот и т.д. Приведены примеры структурных схем устройств, выполненных на таких компонентах. Дана обширная справочная база по производителям компонентов, узлов и устройств СВЧ-диапазона. Для студентов старших курсов высших учебных заведений радиотехнических специальностей и слушателей курсов повышения квалификации. Может быть полезной разработчикам современной электронной аппаратуры СВЧ-диапазона.
|
| 606 |
1 |
|
|a Радиосигналы
|x Стабилизация частоты
|2 stltpush
|3 (RuTPU)RU\TPU\subj\23099
|9 47752
|
| 610 |
1 |
|
|a СВЧ-сигналы
|
| 610 |
1 |
|
|a сверхвысокочастотные сигналы
|
| 610 |
1 |
|
|a формирование
|
| 610 |
1 |
|
|a устройства
|
| 610 |
1 |
|
|a компоненты
|
| 610 |
1 |
|
|a источники колебаний
|
| 610 |
1 |
|
|a усилители сигналов
|
| 610 |
1 |
|
|a умножители частоты
|
| 610 |
1 |
|
|a делители частоты
|
| 610 |
1 |
|
|a смесители
|
| 610 |
1 |
|
|a модуляторы
|
| 610 |
1 |
|
|a стабильные частоты
|
| 610 |
1 |
|
|a синтезаторы
|
| 610 |
1 |
|
|a структурные схемы
|
| 610 |
1 |
|
|a узлы
|
| 610 |
1 |
|
|a учебные пособия
|
| 675 |
|
|
|a 621.372.632(075.8)
|v 3
|
| 700 |
|
1 |
|a Белов
|b Л. А.
|g Леонид Алексеевич
|
| 801 |
|
1 |
|a RU
|b 63413507
|c 20100920
|
| 801 |
|
2 |
|a RU
|b 63413507
|c 20150609
|g RCR
|
| 900 |
|
|
|a Электроника СВЧ
|
| 942 |
|
|
|c BK
|
| 951 |
|
|
|b 210400
|
| 959 |
|
|
|a 63/20100915
|d 2
|e 253,00
|f ЧЗТЛ:1
|f АНЛ:1
|
| 959 |
|
|
|a 23/20110208
|d 2
|e 253,00
|f АНЛ:1
|f ЧЗТЛ:1
|